| 000 | 00823cam a2200229 a 4500 | ||
|---|---|---|---|
| 020 | _a0471306266 (acidfree) | ||
| 082 | 0 | 0 |
_a526.982 _bLEI _cL-39,P-164 |
| 100 | 1 |
_aLeick, Alfred. _939660 |
|
| 245 | 1 | 0 |
_aGPS satellite surveying / _cAlfred Leick. |
| 250 | _a2nd ed. | ||
| 260 |
_aNew York : _bWiley, _cc1995. |
||
| 300 |
_axix, 560 p. : _bill., maps ; _c25 cm. |
||
| 500 | _a"A Wiley-Interscience publication." | ||
| 526 |
_a0 _b0 _c0 _d526_982000000000000_LEI |
||
| 650 | 0 |
_aArtificial satellites in surveying. _939661 |
|
| 650 | 0 |
_aGlobal Positioning System. _921037 |
|
| 650 | 0 |
_aMCE _9379 |
|
| 856 | 4 | _uhttp://www.loc.gov/catdir/toc/onix02/94023517.html | |
| 856 | 4 | 2 | _uhttp://www.loc.gov/catdir/bios/wiley041/94023517.html |
| 856 | 4 | 2 | _uhttp://www.loc.gov/catdir/description/wiley032/94023517.html |
| 942 |
_2ddc _cBK |
||
| 999 |
_c544112 _d544112 |
||